Times nordestinos no Ranking Nacional de Clubes da CBF - Statistics

Estatísticas Gerais
  • Esse quiz foi jogado 151 vezes
    38 desde o último reset
  • A pontuação média é 15 de 20
Estatísticas das Respostas
Estado Divisão Resposta % Correto
BA Série A Bahia
100%
CE Série B Ceará
100%
CE Série B Fortaleza
100%
PE Série B Sport
100%
BA Série A Vitória
100%
AL Série B CRB
95%
AL Série D CSA
95%
PE Série B Náutico
92%
RN Série D ABC
81%
RN Série D América de Natal
76%
MA Série D Sampaio Corrêa
73%
PB Série C Botafogo
68%
SE Série C Confiança
65%
SE Série D Sergipe
62%
AL Série D ASA
57%
PI Série D Altos
51%
PE Série D Retrô
51%
CE Série C Floresta
49%
CE Série D Ferroviário
46%
PB Série D Sousa
35%
Nenhum quiz correspondente encontrado
Distribuição das Pontuações
Porcentagem de Pessoas com Cada Pontuação
Percentil de Números Respondidos
Sua Pontuação Histórica
Você não jogou esse quiz desde o último reset